[Event "POL-chT 2nd League"]
[Site "Szklarska Poreba"]
[Date "2017.09.10"]
[Round "9.7"]
[White "Cichocki, Adam"]
[Black "Janaszak, Dawid"]
[Result "1-0"]
[WhiteElo "2292"]
[BlackElo "2382"]
[PlyCount "77"]
[EventDate "2017.09.02"]
[EventType "team-swiss"]
[EventRounds "9"]
[EventCountry "POL"]
[SourceTitle "CBM 180 Extra"]
[Source "ChessBase"]
[SourceDate "2017.10.06"]
[SourceVersion "1"]
[SourceVersionDate "2017.10.06"]
[SourceQuality "1"]
[WhiteTeam "Czerwionka Leszczyny Skoczek"]
[BlackTeam "Ostrow Wielkopolski"]
[WhiteTeamCountry "POL"]
[BlackTeamCountry "POL"]

1. d4 Nf6 2. Nf3 g6 3. g3 Bg7 4. Bg2 d5 5. c4 dxc4 6. Qa4+ Nbd7 7. 0-0 0-0 8. Qxc4 Nb6 9. Qb3 Be6 10. Qd1 Qc8 11. Nc3 Bh3 12. e4 Rd8 13. Qe2 Qg4 14. Bf4 c6 15. Rfd1 h6 16. Qc2 Qh5 17. Bxh3 Qxh3 18. Ne5 Nbd7 19. Nxd7 Rxd7 20. f3 Rad8 21. Be3 g5 22. Qf2 Ne8 23. Rd2 Nd6 24. b3 Qh5 25. g4 Qg6 26. Rad1 b6 27. h4 gxh4 28. Qxh4 f5 29. e5 Nf7 30. Kh1 f4 31. Bxf4 c5 32. Ne2 cxd4 33. Nxd4 Nxe5 34. Bxe5 Bxe5 35. Nf5 Rxd2 36. Rxd2 Rxd2 37. Nxe7+ Kf7 38. Nxg6 Kxg6 39. Qh5+ 1-0

[Event "Kochan Memorial op 26th"]
[Site "Koszalin"]
[Date "2015.08.21"]
[Round "6"]
[White "Shishkin, Vadim"]
[Black "Cichocki, Adam"]
[Result "1-0"]
[WhiteElo "2513"]
[BlackElo "2304"]
[PlyCount "115"]
[EventDate "2015.08.17"]
[EventType "swiss"]
[EventRounds "9"]
[EventCountry "POL"]
[SourceTitle "EXT 2016"]
[Source "ChessBase"]
[SourceDate "2015.10.08"]
[SourceVersion "1"]
[SourceVersionDate "2015.10.08"]
[SourceQuality "1"]

1. d4 d5 2. c4 c6 3. Nf3 Nf6 4. e3 Bf5 5. Nc3 e6 6. Nh4 Bg6 7. Nxg6 hxg6 8. Bd3 Nbd7 9. h3 Be7 10. 0-0 0-0 11. b3 dxc4 12. Bxc4 e5 13. d5 Bb4 14. Bb2 Rc8 15. dxc6 Rxc6 16. Nd5 Rd6 17. Qf3 e4 18. Bxf6 Nxf6 19. Nxf6+ Rxf6 20. Qxe4 Qe7 21. Qxe7 Bxe7 22. Rad1 Rd6 23. Bd5 Rfd8 24. e4 Kf8 25. Rc1 R6d7 26. Rc4 Ba3 27. f3 g5 28. Kf2 Ke7 29. Ke2 a5 30. Rd1 b6 31. Rd2 Bc5 32. Rdc2 f6 33. Kd3 Rd6 34. Kc3 Ba3 35. Kd2 R6d7 36. Ke1 Bc5 37. Kf1 Rd6 38. g3 R6d7 39. Kg2 Rh8 40. Rc1 Kd6 41. Ra1 Rc7 42. Rd1 Ke7 43. f4 gxf4 44. gxf4 Bd6 45. Rxc7+ Bxc7 46. f5 Bd6 47. Rc1 Bc5 48. Kg3 Kd6 49. Rd1 Ke7 50. Rc1 Kd6 51. h4 Ke5 52. Rc2 Rh6 53. Rd2 Be3 54. Rd3 Bf4+ 55. Kg4 g5 56. h5 Kd6 57. Rc3 Be3 58. Rxe3 1-0

[Event "POL-chT 2nd League"]
[Site "Miedzyzdroje"]
[Date "2009.09.16"]
[Round "5"]
[White "Cichocki, Adam"]
[Black "Flak, Pawel"]
[Result "1-0"]
[WhiteElo "2304"]
[BlackElo "2155"]
[PlyCount "107"]
[EventDate "2009.09.12"]
[EventType "team-swiss"]
[EventRounds "9"]
[EventCountry "POL"]
[SourceTitle "EXT 2019"]
[Source "ChessBase"]
[SourceDate "2018.10.10"]
[SourceVersion "1"]
[SourceVersionDate "2018.10.10"]
[SourceQuality "1"]
[WhiteTeam "Gdanski Drapol Jantar Pruszcz"]
[BlackTeam "Gostynin Gostmat 83"]
[WhiteTeamCountry "POL"]
[BlackTeamCountry "POL"]

1. d4 b6 2. e4 Bb7 3. Nc3 e6 4. Nf3 Bb4 5. Bd3 Nf6 6. Qe2 d5 7. exd5 Qxd5 8. 0-0 Bxc3 9. bxc3 Qh5 10. Ne5 Qxe2 11. Bxe2 Nbd7 12. Nxd7 Kxd7 13. Ba3 Be4 14. Rac1 Nd5 15. Bb2 Nf4 16. Rfe1 Bxg2 17. Ba6 Rab8 18. c4 Bb7 19. Bxb7 Rxb7 20. Re4 Nh5 21. d5 exd5 22. Rd1 c6 23. cxd5 Rbb8 24. dxc6+ Kxc6 25. Rc4+ Kb5 26. Rc7 Rbd8 27. Rxd8 Rxd8 28. Rxf7 Ka6 29. Kf1 g5 30. Be5 h6 31. Rh7 Rd1+ 32. Ke2 Rd8 33. Ke3 Re8 34. Kd4 Nf4 35. Rxh6 Ne2+ 36. Kd5 Nf4+ 37. Bxf4 gxf4 38. Rh4 Re2 39. Rxf4 Rxc2 40. a4 Ka5 41. h4 a6 42. Kd6 b5 43. axb5 axb5 44. h5 b4 45. h6 b3 46. h7 Rc8 47. Rf7 Kb4 48. Rb7+ Ka3 49. f4 Ra8 50. f5 Ra6+ 51. Ke7 Rh6 52. Kf8 Rh5 53. Kg7 Rg5+ 54. Kh6 1-0

[Event "POL-chT 2nd League"]
[Site "Miedzyzdroje"]
[Date "2009.09.12"]
[Round "1"]
[White "Zaskalski, Arkadiusz"]
[Black "Cichocki, Adam"]
[Result "1/2-1/2"]
[WhiteElo "2210"]
[BlackElo "2304"]
[PlyCount "107"]
[EventDate "2009.09.12"]
[EventType "team-swiss"]
[EventRounds "9"]
[EventCountry "POL"]
[SourceTitle "EXT 2019"]
[Source "ChessBase"]
[SourceDate "2018.10.10"]
[SourceVersion "1"]
[SourceVersionDate "2018.10.10"]
[SourceQuality "1"]
[WhiteTeam "Krakow KKSz 1893"]
[BlackTeam "Gdanski Drapol Jantar Pruszcz"]
[WhiteTeamCountry "POL"]
[BlackTeamCountry "POL"]

1. c4 c6 2. Nf3 Nf6 3. g3 d5 4. Bg2 Bf5 5. b3 e6 6. Bb2 Nbd7 7. 0-0 Be7 8. d3 0-0 9. Nh4 Bg4 10. h3 Bh5 11. g4 Ne8 12. Nf3 Bg6 13. Nbd2 a5 14. cxd5 exd5 15. Ne5 Nxe5 16. Bxe5 Bf6 17. d4 Bxe5 18. dxe5 f6 19. Nf3 Be4 20. Nd4 Bxg2 21. Kxg2 Qe7 22. exf6 Nxf6 23. Nf5 Qe4+ 24. f3 Qe5 25. Ng3 d4 26. f4 Qd5+ 27. Rf3 Rae8 28. Qc2 Ne4 29. Nxe4 Rxe4 30. f5 h5 31. Qc4 Qxc4 32. bxc4 hxg4 33. hxg4 Rxe2+ 34. Kg3 Rd8 35. Rd3 Rc2 36. Rb1 Rd7 37. Rdb3 Rc3+ 38. Kf4 Rxb3 39. axb3 b5 40. cxb5 cxb5 41. Rd1 a4 42. bxa4 bxa4 43. Rd3 Kf7 44. g5 Rd5 45. Ke4 Ra5 46. Rxd4 a3 47. Rd7+ Ke8 48. Rd1 a2 49. Ra1 Kd7 50. Rd1+ Ke7 51. Ra1 Kd6 52. Rd1+ Kc5 53. Ra1 Ra8 54. f6 1/2-1/2

[Event "Gdansk op"]
[Site "Gdansk"]
[Date "2008.07.24"]
[Round "6"]
[White "Zielinski, Stanislaw"]
[Black "Cichocki, Adam"]
[Result "1-0"]
[WhiteElo "2145"]
[BlackElo "2320"]
[PlyCount "61"]
[EventDate "2008.07.19"]
[EventType "swiss"]
[EventRounds "9"]
[EventCountry "POL"]
[SourceTitle "EXT 2009"]
[Source "ChessBase"]
[SourceDate "2008.11.26"]
[SourceVersion "1"]
[SourceVersionDate "2008.11.26"]
[SourceQuality "1"]

1. e4 e6 2. d4 d5 3. Nc3 Nf6 4. e5 Nfd7 5. f4 c5 6. Nf3 Nc6 7. Be3 cxd4 8. Nxd4 Bc5 9. Qd2 Bxd4 10. Bxd4 Nxd4 11. Qxd4 Qb6 12. Qd2 a6 13. 0-0-0 Qc7 14. g4 h5 15. gxh5 Rxh5 16. h4 g6 17. Be2 Rh8 18. Bg4 Nf8 19. h5 gxh5 20. Bxh5 Rh7 21. Bf3 Rxh1 22. Bxh1 Bd7 23. Bxd5 exd5 24. Nxd5 Qc6 25. Nf6+ Kd8 26. Qb4 Kc7 27. Nd5+ Kb8 28. Qxf8+ Ka7 29. Qb4 Rc8 30. Qd4+ Qc5 31. Ne7 1-0

[Event "Gdansk op"]
[Site "Gdansk"]
[Date "2008.07.20"]
[Round "3"]
[White "Cichocki, Adam"]
[Black "Mista, Aleksander"]
[Result "0-1"]
[WhiteElo "2320"]
[BlackElo "2539"]
[PlyCount "62"]
[EventDate "2008.07.19"]
[EventType "swiss"]
[EventRounds "9"]
[EventCountry "POL"]
[SourceTitle "EXT 2009"]
[Source "ChessBase"]
[SourceDate "2008.11.26"]
[SourceVersion "1"]
[SourceVersionDate "2008.11.26"]
[SourceQuality "1"]

1. d4 d5 2. c4 dxc4 3. e4 Nf6 4. Nc3 e5 5. Nf3 exd4 6. Qxd4 Qxd4 7. Nxd4 Bc5 8. Ndb5 Na6 9. Bf4 c6 10. Nd6+ Bxd6 11. Bxd6 b5 12. b3 Be6 13. bxc4 b4 14. e5 bxc3 15. exf6 0-0-0 16. fxg7 Rhg8 17. Bf8 Bf5 18. Be2 Re8 19. Kf1 Nc7 20. g4 Bg6 21. h4 h6 22. Rh3 c2 23. h5 Bh7 24. f4 Ne6 25. f5 Nxg7 26. Bxg7 Rxg7 27. Rc1 Rxe2 28. Kxe2 Rxg4 29. Rf3 Rg5 30. Rxc2 Bxf5 31. Kd2 Rg2+ 0-1

[Event "Gdansk op"]
[Site "Gdansk"]
[Date "2008.07.20"]
[Round "2"]
[White "Korosciel, Aneta"]
[Black "Cichocki, Adam"]
[Result "0-1"]
[WhiteElo "2067"]
[BlackElo "2320"]
[PlyCount "46"]
[EventDate "2008.07.19"]
[EventType "swiss"]
[EventRounds "9"]
[EventCountry "POL"]
[SourceTitle "EXT 2009"]
[Source "ChessBase"]
[SourceDate "2008.11.26"]
[SourceVersion "1"]
[SourceVersionDate "2008.11.26"]
[SourceQuality "1"]

1. e4 e6 2. d4 d5 3. exd5 exd5 4. Nf3 Bg4 5. h3 Bh5 6. Qe2+ Qe7 7. Be3 Nd7 8. Nc3 Ngf6 9. g4 Bg6 10. g5 Ne4 11. Nxd5 Qd6 12. Nf4 0-0-0 13. Nxg6 hxg6 14. 0-0-0 f6 15. Bg2 Nb6 16. Qd3 Qe6 17. Kb1 Nc5 18. Qe2 Nca4 19. h4 Nc4 20. d5 Rxd5 21. Nd4 Rxd4 22. Rxd4 Nc3+ 23. Ka1 Nxe2 0-1

[Event "POL-chT 2nd League"]
[Site "Wysowa"]
[Date "2007.09.09"]
[Round "7"]
[White "Lisowski, Krzysztof"]
[Black "Cichocki, Adam"]
[Result "1-0"]
[WhiteElo "2237"]
[BlackElo "2349"]
[PlyCount "59"]
[EventDate "2007.09.03"]
[EventType "team-swiss"]
[EventRounds "9"]
[EventCountry "POL"]
[SourceTitle "EXT 2010"]
[Source "ChessBase"]
[SourceDate "2010.11.25"]
[SourceVersion "1"]
[SourceVersionDate "2010.11.25"]
[SourceQuality "1"]
[WhiteTeam "Ostroda Ostrodzianka"]
[BlackTeam "Gdanski Drapol Jantar Pruszcz"]
[WhiteTeamCountry "POL"]
[BlackTeamCountry "POL"]

1. e4 e6 2. d4 d5 3. Nd2 Nf6 4. e5 Nfd7 5. f4 c5 6. c3 Nc6 7. Ndf3 Qb6 8. g3 a5 9. h4 a4 10. Bh3 a3 11. bxa3 cxd4 12. cxd4 Bxa3 13. Ne2 Bxc1 14. Qxc1 Qa5+ 15. Kf2 Nb6 16. h5 h6 17. g4 Bd7 18. f5 Nb4 19. Nf4 Rc8 20. Qd1 Qa3 21. Rc1 0-0 22. f6 Qxa2+ 23. Kg3 Rxc1 24. Qxc1 Rc8 25. Qb1 Qa3 26. g5 hxg5 27. Nxe6 Bxe6 28. Bxe6 Rc2 29. h6 g4 30. h7+ 1-0

[Event "Gdansk-ch"]
[Site "Gdansk"]
[Date "2007.07.26"]
[Round "6"]
[White "Cichocki, Adam"]
[Black "Cherepov, Alexej"]
[Result "0-1"]
[WhiteElo "2349"]
[BlackElo "2249"]
[PlyCount "57"]
[EventDate "2007.07.22"]
[EventType "swiss"]
[EventRounds "9"]
[EventCountry "POL"]
[SourceTitle "CBM 119 Extra"]
[Source "ChessBase"]
[SourceDate "2007.09.04"]
[SourceVersion "1"]
[SourceVersionDate "2007.09.04"]
[SourceQuality "1"]

1. d4 d5 2. Nf3 Nf6 3. c4 c6 4. e3 Bg4 5. Bd3 e6 6. Nbd2 Nbd7 7. 0-0 Be7 8. h3 Bh5 9. Qc2 Bg6 10. e4 dxe4 11. Nxe4 Nxe4 12. Bxe4 Nf6 13. Bxg6 hxg6 14. Rd1 0-0 15. Bf4 Qa5 16. Ne5 Rad8 17. a3 Nd7 18. b4 Qa6 19. Qb3 Nxe5 20. Bxe5 Rd7 21. a4 Qb6 22. b5 a5 23. Rd3 Rfd8 24. Rad1 Bb4 25. c5 Qa7 26. Bd6 cxb5 27. axb5 b6 28. Rc1 Qa8 29. Re3 0-1

[Event "POL-chT 2nd League"]
[Site "Lublin"]
[Date "2006.09.07"]
[Round "6.25"]
[White "Cichocki, Adam"]
[Black "Mikrut, Dariusz"]
[Result "1/2-1/2"]
[WhiteElo "2336"]
[BlackElo "2418"]
[PlyCount "44"]
[EventDate "2006.09.02"]
[EventType "team-swiss"]
[EventRounds "9"]
[EventCountry "POL"]
[SourceTitle "EXT 2019"]
[Source "ChessBase"]
[SourceDate "2018.10.10"]
[SourceVersion "1"]
[SourceVersionDate "2018.10.10"]
[SourceQuality "1"]
[WhiteTeam "Pruszcz Jantar"]
[BlackTeam "Krakow TKKF Drogowiec"]
[WhiteTeamCountry "POL"]
[BlackTeamCountry "POL"]

1. d4 Nf6 2. c4 g6 3. Nc3 Bg7 4. Bg5 c5 5. e3 cxd4 6. exd4 0-0 7. Nf3 d5 8. cxd5 Nxd5 9. Be2 Nc6 10. 0-0 h6 11. Be3 Bf5 12. Qd2 Nxe3 13. fxe3 e5 14. d5 e4 15. dxc6 exf3 16. Qxd8 Raxd8 17. Bxf3 bxc6 18. Bxc6 Rd2 19. Rf2 Rxb2 20. Rxb2 Bxc3 21. Rab1 Bxb2 22. Rxb2 Be6 1/2-1/2

[Event "Gdansk-ch 8th"]
[Site "Gdansk"]
[Date "2006.07.29"]
[Round "8"]
[White "Rybak, Tomasz"]
[Black "Cichocki, Adam"]
[Result "0-1"]
[WhiteElo "2206"]
[BlackElo "2336"]
[PlyCount "70"]
[EventDate "2006.07.23"]
[EventType "swiss"]
[EventRounds "9"]
[EventCountry "POL"]
[SourceTitle "EXT 2008"]
[Source "ChessBase"]
[SourceDate "2007.11.25"]
[SourceVersion "1"]
[SourceVersionDate "2007.11.25"]
[SourceQuality "1"]

1. e4 e6 2. d4 d5 3. e5 c5 4. c3 Nc6 5. Nf3 Qb6 6. a3 Nh6 7. b4 cxb4 8. cxb4 Nf5 9. Bb2 Bd7 10. g4 Nh6 11. h3 Ne7 12. Nc3 Ng6 13. Na4 Qd8 14. Nc5 b6 15. Nd3 Be7 16. Bc1 0-0 17. Be3 Nh4 18. Nxh4 Bxh4 19. Qd2 Kh8 20. Bxh6 gxh6 21. Qxh6 Bg5 22. Qh5 Be8 23. h4 f6 24. hxg5 Bxh5 25. Rxh5 fxg5 26. Be2 Qe7 27. Kd2 a5 28. Rah1 axb4 29. axb4 Ra3 30. R1h2 Rf7 31. Rh6 Kg8 32. f3 Qc7 33. Rxe6 Qc3+ 34. Ke3 Ra2 35. Re8+ Kg7 0-1

[Event "POL-chT 60th"]
[Site "Dzwirzyno"]
[Date "2004.09.12"]
[Round "9"]
[White "Cichocki, Adam"]
[Black "Rozentalis, Eduardas"]
[Result "1/2-1/2"]
[WhiteElo "2332"]
[BlackElo "2619"]
[PlyCount "70"]
[EventDate "2004.09.04"]
[EventType "team-tourn"]
[EventRounds "9"]
[EventCountry "POL"]
[SourceTitle "EXT 2019"]
[Source "ChessBase"]
[SourceDate "2018.10.10"]
[SourceVersion "1"]
[SourceVersionDate "2018.10.10"]
[SourceQuality "1"]
[WhiteTeam "Gdanski Jantar Pruszcz"]
[BlackTeam "Warszawa Damis"]
[WhiteTeamCountry "POL"]
[BlackTeamCountry "POL"]

1. d4 Nf6 2. Nf3 e6 3. c4 Nc6 4. Bg5 h6 5. Bh4 g5 6. Bg3 Bb4+ 7. Nc3 Ne4 8. Qc2 d5 9. e3 h5 10. Bd3 f5 11. cxd5 exd5 12. Ne5 Nxg3 13. Nxc6 bxc6 14. hxg3 Qf6 15. 0-0-0 Bd7 16. Na4 Rb8 17. Nc5 Bxc5 18. Qxc5 Rb6 19. Rh2 Be6 20. Rdh1 Bf7 21. Qc2 f4 22. gxf4 gxf4 23. Rh4 fxe3 24. fxe3 Kd8 25. Rf4 Qe7 26. Qf2 Be8 27. Bf5 Rg8 28. g4 hxg4 29. Rxg4 Rf8 30. Rf4 c5 31. Rh7 Qg5 32. dxc5 Rbf6 33. Qh2 Rxf5 34. Rxf5 Qxe3+ 35. Kb1 Qe4+ 1/2-1/2

[Event "POL-chT 60th"]
[Site "Dzwirzyno"]
[Date "2004.09.08"]
[Round "5"]
[White "Krasenkow, Michal"]
[Black "Cichocki, Adam"]
[Result "1-0"]
[WhiteElo "2632"]
[BlackElo "2332"]
[PlyCount "93"]
[EventDate "2004.09.04"]
[EventType "team-tourn"]
[EventRounds "9"]
[EventCountry "POL"]
[SourceTitle "EXT 2019"]
[Source "ChessBase"]
[SourceDate "2018.10.10"]
[SourceVersion "1"]
[SourceVersionDate "2018.10.10"]
[SourceQuality "1"]
[WhiteTeam "Warszawa Polonia"]
[BlackTeam "Gdanski Jantar Pruszcz"]
[WhiteTeamCountry "POL"]
[BlackTeamCountry "POL"]

1. Nf3 d5 2. d4 Nf6 3. c4 c6 4. Nc3 g6 5. Bg5 Ne4 6. Bf4 Bg7 7. e3 0-0 8. Qb3 Qa5 9. cxd5 Nxc3 10. bxc3 cxd5 11. Bd3 b6 12. 0-0 Ba6 13. Bxa6 Nxa6 14. Rfc1 Rac8 15. c4 dxc4 16. Rxc4 b5 17. Rc2 Nc5 18. Qb1 Na4 19. Rxc8 Rxc8 20. Qe4 Nc3 21. Qb7 Ne2+ 22. Kf1 Qc3 23. Re1 Nxf4 24. exf4 Bf6 25. Qxa7 Qd3+ 26. Kg1 Rc2 27. h4 Rb2 28. Qa8+ Kg7 29. Qd5 Qc2 30. Rf1 e6 31. Qb7 Qc4 32. a3 Bxd4 33. Ng5 e5 34. h5 h6 35. Ne4 exf4 36. hxg6 Kxg6 37. Qb8 Qe6 38. Qxf4 Be5 39. Qh4 Qf5 40. f4 Bd4+ 41. Kh2 Kh7 42. Ng3 Qd5 43. Qh3 Rb3 44. Qg4 Rxa3 45. Nf5 Bb2 46. Rd1 Rd3 47. Ne7 1-0